000 00735nam a2200289Ia 4500
005 20260324140617.0
008 008 260324s9999 xx 000 0 eng d
020 _a9780138735272
037 _aEBOOK
040 _aCRL
040 _beng
040 _cCRL
041 _2eng
041 _aeng
084 _qCRL
100 _aCharles C. Harwood
_91205061
245 0 _aTrainer's Problem-Solving Manual for Kick Down the Door of Complacency
245 0 _bSieze the Power of Continuous Improvement
260 _bTaylor and Francis
260 _c1998
365 _a
365 _b300
856 _uhttp://www.taylorfrancis.com/books/9780138735272
942 _cEBOOK
999 _c1807299
_d1807299